_Microsoft office xp (Record no. 12343)
[ view plain ]
| 000 -LEADER | |
|---|---|
| fixed length control field | 00357nam a2200133Ia 4500 |
| 008 - FIXED-LENGTH DATA ELEMENTS--GENERAL INFORMATION | |
| fixed length control field | 151021s9999 xx 000 0 und d |
| 020 ## - INTERNATIONAL STANDARD BOOK NUMBER | |
| International Standard Book Number | 72472472 |
| 050 ## - LIBRARY OF CONGRESS CALL NUMBER | |
| Classification number | HF 5548.4.M525D455 2002 |
| 245 ## - TITLE STATEMENT | |
| Title | _Microsoft office xp |
| 260 ## - PUBLICATION, DISTRIBUTION, ETC. (IMPRINT) | |
| Place of publication, distribution, etc. | USA McGraw-Hill 2002 |
| 300 ## - PHYSICAL DESCRIPTION | |
| Extent | xxix,75p;ill. |
| 700 ## - ADDED ENTRY--PERSONAL NAME | |
| Personal name | _Linda I.O`Leary |
| 980 ## - EQUIVALENCE OR CROSS-REFERENCE-SERIES STATEMENT--PERSONAL NAME/TITLE [LOCAL, CANADA] | |
| Personal name | ^d20120814 12:01:05^oanne |
No items available.